<?xml version="1.0" encoding="UTF-8"?><marc:collection xmlns:marc="http://www.loc.gov/MARC21/slim">
  <marc:record>
    <marc:leader>08237nas a2201309 c 4500</marc:leader>
    <marc:controlfield tag="001">010002154</marc:controlfield>
    <marc:controlfield tag="003">DE-101</marc:controlfield>
    <marc:controlfield tag="005">20250827170742.0</marc:controlfield>
    <marc:controlfield tag="006">sb</marc:controlfield>
    <marc:controlfield tag="007">tu</marc:controlfield>
    <marc:controlfield tag="008">991118d19522022gw m||p|  ||| 0||||1ger c</marc:controlfield>
    <marc:datafield tag="016" ind1="7" ind2=" ">
      <marc:subfield code="2">DE-600</marc:subfield>
      <marc:subfield code="a">260-4</marc:subfield>
    </marc:datafield>
    <marc:datafield tag="016" ind1="7" ind2=" ">
      <marc:subfield code="2">DE-101</marc:subfield>
      <marc:subfield code="a">010002154</marc:subfield>
    </marc:datafield>
    <marc:datafield tag="022" ind1=" " ind2=" ">
      <marc:subfield code="a">0003-2417</marc:subfield>
    </marc:datafield>
    <marc:datafield tag="022" ind1=" " ind2=" ">
      <marc:subfield code="a">0003-2417</marc:subfield>
      <marc:subfield code="2">6</marc:subfield>
    </marc:datafield>
    <marc:datafield tag="030" ind1=" " ind2=" ">
      <marc:subfield code="a">ANATA</marc:subfield>
    </marc:datafield>
    <marc:datafield tag="035" ind1=" " ind2=" ">
      <marc:subfield code="a">(DE-599)ZDB260-4</marc:subfield>
    </marc:datafield>
    <marc:datafield tag="035" ind1=" " ind2=" ">
      <marc:subfield code="a">(OCoLC)1367274508</marc:subfield>
    </marc:datafield>
    <marc:datafield tag="040" ind1=" " ind2=" ">
      <marc:subfield code="a">9001</marc:subfield>
      <marc:subfield code="b">ger</marc:subfield>
      <marc:subfield code="c">DE-101</marc:subfield>
      <marc:subfield code="d">9999</marc:subfield>
    </marc:datafield>
    <marc:datafield tag="041" ind1=" " ind2=" ">
      <marc:subfield code="a">ger</marc:subfield>
    </marc:datafield>
    <marc:datafield tag="042" ind1=" " ind2=" ">
      <marc:subfield code="a">zdb</marc:subfield>
    </marc:datafield>
    <marc:datafield tag="044" ind1=" " ind2=" ">
      <marc:subfield code="c">XA-DE</marc:subfield>
    </marc:datafield>
    <marc:datafield tag="082" ind1="0" ind2="4">
      <marc:subfield code="8">3\u</marc:subfield>
      <marc:subfield code="a">617.9605</marc:subfield>
      <marc:subfield code="q">DE-101</marc:subfield>
      <marc:subfield code="2">22/ger</marc:subfield>
    </marc:datafield>
    <marc:datafield tag="083" ind1="7" ind2=" ">
      <marc:subfield code="a">610</marc:subfield>
      <marc:subfield code="q">DE-101</marc:subfield>
      <marc:subfield code="2">22sdnb</marc:subfield>
    </marc:datafield>
    <marc:datafield tag="083" ind1="7" ind2=" ">
      <marc:subfield code="a">610</marc:subfield>
      <marc:subfield code="q">DE-600</marc:subfield>
      <marc:subfield code="2">22sdnb</marc:subfield>
    </marc:datafield>
    <marc:datafield tag="084" ind1=" " ind2=" ">
      <marc:subfield code="a">XA 10000</marc:subfield>
      <marc:subfield code="2">rvk</marc:subfield>
    </marc:datafield>
    <marc:datafield tag="085" ind1=" " ind2=" ">
      <marc:subfield code="8">3\u</marc:subfield>
      <marc:subfield code="b">617.96</marc:subfield>
    </marc:datafield>
    <marc:datafield tag="085" ind1=" " ind2=" ">
      <marc:subfield code="8">3\u</marc:subfield>
      <marc:subfield code="z">1</marc:subfield>
      <marc:subfield code="s">05</marc:subfield>
    </marc:datafield>
    <marc:datafield tag="210" ind1="0" ind2="0">
      <marc:subfield code="a">Anaesthesist</marc:subfield>
    </marc:datafield>
    <marc:datafield tag="210" ind1="0" ind2="0">
      <marc:subfield code="a">ANAESTHESIST (BERL.)</marc:subfield>
    </marc:datafield>
    <marc:datafield tag="222" ind1=" " ind2="0">
      <marc:subfield code="a">&#152;Der&#156; Anaesthesist</marc:subfield>
      <marc:subfield code="b">Berlin. Print</marc:subfield>
    </marc:datafield>
    <marc:datafield tag="245" ind1="0" ind2="0">
      <marc:subfield code="a">&#152;Der&#156; Anaesthesist</marc:subfield>
      <marc:subfield code="b">Zeitschrift für Anästhesie, Intensivmedizin, Notfall- und Katastrophenmedizin, Schmerztherapie</marc:subfield>
    </marc:datafield>
    <marc:datafield tag="246" ind1="3" ind2=" ">
      <marc:subfield code="a">Pharma report</marc:subfield>
    </marc:datafield>
    <marc:datafield tag="246" ind1="3" ind2=" ">
      <marc:subfield code="a">Beilage für Anaesthesisten</marc:subfield>
    </marc:datafield>
    <marc:datafield tag="246" ind1="1" ind2=" ">
      <marc:subfield code="i">Abweichender Titel Band 71, Heft 5 (Mai 2022)</marc:subfield>
      <marc:subfield code="a">&#152;Die&#156; Anaesthesiologie</marc:subfield>
    </marc:datafield>
    <marc:datafield tag="246" ind1="1" ind2=" ">
      <marc:subfield code="i">Titelzusatz früher</marc:subfield>
      <marc:subfield code="a">Organ der Österreichischen Gesellschaft für Anaesthesiologie, Reanimation und Intensivtherapie, Deutsche Gesellschaft für Anaesthesiologie und Intensivmedizin, Schweizerische Gesellschaft für Anaesthesiologie und Reanimation</marc:subfield>
    </marc:datafield>
    <marc:datafield tag="264" ind1="3" ind2="1">
      <marc:subfield code="a">Berlin</marc:subfield>
      <marc:subfield code="b">Springer Medizin</marc:subfield>
      <marc:subfield code="c">1952-[2022]</marc:subfield>
    </marc:datafield>
    <marc:datafield tag="264" ind1="2" ind2="1">
      <marc:subfield code="3">früher</marc:subfield>
      <marc:subfield code="a">Berlin</marc:subfield>
      <marc:subfield code="a">Göttingen</marc:subfield>
      <marc:subfield code="a">Heidelberg</marc:subfield>
      <marc:subfield code="b">Springer</marc:subfield>
    </marc:datafield>
    <marc:datafield tag="264" ind1="2" ind2="1">
      <marc:subfield code="3">teils</marc:subfield>
      <marc:subfield code="a">Heidelberg</marc:subfield>
      <marc:subfield code="b">Springer-Medizin-Verl.</marc:subfield>
    </marc:datafield>
    <marc:datafield tag="264" ind1="2" ind2="1">
      <marc:subfield code="3">früher</marc:subfield>
      <marc:subfield code="a">Heidelberg</marc:subfield>
      <marc:subfield code="b">Springer-Verlag GmbH</marc:subfield>
    </marc:datafield>
    <marc:datafield tag="300" ind1=" " ind2=" ">
      <marc:subfield code="c">28 cm</marc:subfield>
    </marc:datafield>
    <marc:datafield tag="336" ind1=" " ind2=" ">
      <marc:subfield code="a">Text</marc:subfield>
      <marc:subfield code="b">txt</marc:subfield>
      <marc:subfield code="2">rdacontent</marc:subfield>
    </marc:datafield>
    <marc:datafield tag="337" ind1=" " ind2=" ">
      <marc:subfield code="a">ohne Hilfsmittel zu benutzen</marc:subfield>
      <marc:subfield code="b">n</marc:subfield>
      <marc:subfield code="2">rdamedia</marc:subfield>
    </marc:datafield>
    <marc:datafield tag="338" ind1=" " ind2=" ">
      <marc:subfield code="a">Band</marc:subfield>
      <marc:subfield code="b">nc</marc:subfield>
      <marc:subfield code="2">rdacarrier</marc:subfield>
    </marc:datafield>
    <marc:datafield tag="362" ind1="0" ind2=" ">
      <marc:subfield code="a">1.1952/53-Band 71, Heft 5 (Mai 2022)</marc:subfield>
    </marc:datafield>
    <marc:datafield tag="363" ind1="0" ind2="0">
      <marc:subfield code="8">1.1\x</marc:subfield>
      <marc:subfield code="a">1</marc:subfield>
      <marc:subfield code="i">1952/53</marc:subfield>
    </marc:datafield>
    <marc:datafield tag="363" ind1="1" ind2="0">
      <marc:subfield code="8">1.2\x</marc:subfield>
      <marc:subfield code="a">71</marc:subfield>
      <marc:subfield code="b">5</marc:subfield>
      <marc:subfield code="i">2022</marc:subfield>
    </marc:datafield>
    <marc:datafield tag="501" ind1=" " ind2=" ">
      <marc:subfield code="a">Ungezählte Beil.: Suppl.; Beilage für Anaesthesisten ; Pharma report; News &amp; views</marc:subfield>
    </marc:datafield>
    <marc:datafield tag="515" ind1=" " ind2=" ">
      <marc:subfield code="a">Ersch. monatl.</marc:subfield>
    </marc:datafield>
    <marc:datafield tag="583" ind1="1" ind2=" ">
      <marc:subfield code="a">Archivierung/Langzeitarchivierung gewährleistet</marc:subfield>
      <marc:subfield code="f">PEBW</marc:subfield>
      <marc:subfield code="5">DE-31</marc:subfield>
      <marc:subfield code="2">pdager</marc:subfield>
    </marc:datafield>
    <marc:datafield tag="591" ind1=" " ind2=" ">
      <marc:subfield code="a">Uml. Beil. Kopie!109!(06-07-22)</marc:subfield>
    </marc:datafield>
    <marc:datafield tag="650" ind1=" " ind2="7">
      <marc:subfield code="0">(DE-588)4142321-5</marc:subfield>
      <marc:subfield code="0">https://d-nb.info/gnd/4142321-5</marc:subfield>
      <marc:subfield code="0">(DE-101)041423216</marc:subfield>
      <marc:subfield code="a">Anästhesiologie</marc:subfield>
      <marc:subfield code="9">rswk-swf</marc:subfield>
      <marc:subfield code="2">gnd</marc:subfield>
    </marc:datafield>
    <marc:datafield tag="650" ind1=" " ind2="7">
      <marc:subfield code="0">(DE-588)4027258-8</marc:subfield>
      <marc:subfield code="0">https://d-nb.info/gnd/4027258-8</marc:subfield>
      <marc:subfield code="0">(DE-101)040272583</marc:subfield>
      <marc:subfield code="a">Intensivtherapie</marc:subfield>
      <marc:subfield code="9">rswk-swf</marc:subfield>
      <marc:subfield code="2">gnd</marc:subfield>
    </marc:datafield>
    <marc:datafield tag="650" ind1=" " ind2="7">
      <marc:subfield code="0">(DE-588)4065960-4</marc:subfield>
      <marc:subfield code="0">https://d-nb.info/gnd/4065960-4</marc:subfield>
      <marc:subfield code="0">(DE-101)040659607</marc:subfield>
      <marc:subfield code="a">Wiederbelebung</marc:subfield>
      <marc:subfield code="9">rswk-swf</marc:subfield>
      <marc:subfield code="2">gnd</marc:subfield>
    </marc:datafield>
    <marc:datafield tag="650" ind1=" " ind2="7">
      <marc:subfield code="0">(DE-588)4142321-5</marc:subfield>
      <marc:subfield code="0">https://d-nb.info/gnd/4142321-5</marc:subfield>
      <marc:subfield code="0">(DE-101)041423216</marc:subfield>
      <marc:subfield code="a">Anästhesiologie</marc:subfield>
      <marc:subfield code="9">rswk-swf</marc:subfield>
      <marc:subfield code="2">gnd</marc:subfield>
    </marc:datafield>
    <marc:datafield tag="650" ind1=" " ind2="7">
      <marc:subfield code="0">(DE-588)4027258-8</marc:subfield>
      <marc:subfield code="0">https://d-nb.info/gnd/4027258-8</marc:subfield>
      <marc:subfield code="0">(DE-101)040272583</marc:subfield>
      <marc:subfield code="a">Intensivtherapie</marc:subfield>
      <marc:subfield code="9">rswk-swf</marc:subfield>
      <marc:subfield code="2">gnd</marc:subfield>
    </marc:datafield>
    <marc:datafield tag="650" ind1=" " ind2="7">
      <marc:subfield code="0">(DE-588)4065960-4</marc:subfield>
      <marc:subfield code="0">https://d-nb.info/gnd/4065960-4</marc:subfield>
      <marc:subfield code="0">(DE-101)040659607</marc:subfield>
      <marc:subfield code="a">Wiederbelebung</marc:subfield>
      <marc:subfield code="9">rswk-swf</marc:subfield>
      <marc:subfield code="2">gnd</marc:subfield>
    </marc:datafield>
    <marc:datafield tag="650" ind1=" " ind2="7">
      <marc:subfield code="0">(DE-588)4839307-1</marc:subfield>
      <marc:subfield code="0">https://d-nb.info/gnd/4839307-1</marc:subfield>
      <marc:subfield code="0">(DE-101)976119102</marc:subfield>
      <marc:subfield code="a">CME</marc:subfield>
      <marc:subfield code="9">rswk-swf</marc:subfield>
      <marc:subfield code="2">gnd</marc:subfield>
    </marc:datafield>
    <marc:datafield tag="650" ind1=" " ind2="7">
      <marc:subfield code="0">(DE-588)4179800-4</marc:subfield>
      <marc:subfield code="0">https://d-nb.info/gnd/4179800-4</marc:subfield>
      <marc:subfield code="0">(DE-101)041798007</marc:subfield>
      <marc:subfield code="a">Schmerztherapie</marc:subfield>
      <marc:subfield code="9">rswk-swf</marc:subfield>
      <marc:subfield code="2">gnd</marc:subfield>
    </marc:datafield>
    <marc:datafield tag="650" ind1=" " ind2="7">
      <marc:subfield code="0">(DE-588)4114155-6</marc:subfield>
      <marc:subfield code="0">https://d-nb.info/gnd/4114155-6</marc:subfield>
      <marc:subfield code="0">(DE-101)041141555</marc:subfield>
      <marc:subfield code="a">Katastrophenmedizin</marc:subfield>
      <marc:subfield code="9">rswk-swf</marc:subfield>
      <marc:subfield code="2">gnd</marc:subfield>
    </marc:datafield>
    <marc:datafield tag="650" ind1=" " ind2="7">
      <marc:subfield code="0">(DE-588)4042676-2</marc:subfield>
      <marc:subfield code="0">https://d-nb.info/gnd/4042676-2</marc:subfield>
      <marc:subfield code="0">(DE-101)040426769</marc:subfield>
      <marc:subfield code="a">Notfallmedizin</marc:subfield>
      <marc:subfield code="9">rswk-swf</marc:subfield>
      <marc:subfield code="2">gnd</marc:subfield>
    </marc:datafield>
    <marc:datafield tag="650" ind1=" " ind2="7">
      <marc:subfield code="0">(DE-588)4065960-4</marc:subfield>
      <marc:subfield code="0">https://d-nb.info/gnd/4065960-4</marc:subfield>
      <marc:subfield code="0">(DE-101)040659607</marc:subfield>
      <marc:subfield code="a">Wiederbelebung</marc:subfield>
      <marc:subfield code="9">rswk-swf</marc:subfield>
      <marc:subfield code="2">gnd</marc:subfield>
    </marc:datafield>
    <marc:datafield tag="650" ind1=" " ind2="7">
      <marc:subfield code="0">(DE-588)4027263-1</marc:subfield>
      <marc:subfield code="0">https://d-nb.info/gnd/4027263-1</marc:subfield>
      <marc:subfield code="0">(DE-101)04027263X</marc:subfield>
      <marc:subfield code="a">Intensivmedizin</marc:subfield>
      <marc:subfield code="9">rswk-swf</marc:subfield>
      <marc:subfield code="2">gnd</marc:subfield>
    </marc:datafield>
    <marc:datafield tag="650" ind1=" " ind2="7">
      <marc:subfield code="8">2\p</marc:subfield>
      <marc:subfield code="0">(DE-588)4142321-5</marc:subfield>
      <marc:subfield code="0">https://d-nb.info/gnd/4142321-5</marc:subfield>
      <marc:subfield code="0">(DE-101)041423216</marc:subfield>
      <marc:subfield code="a">Anästhesiologie</marc:subfield>
      <marc:subfield code="2">gnd</marc:subfield>
    </marc:datafield>
    <marc:datafield tag="655" ind1=" " ind2="7">
      <marc:subfield code="0">(DE-588)4067488-5</marc:subfield>
      <marc:subfield code="0">https://d-nb.info/gnd/4067488-5</marc:subfield>
      <marc:subfield code="0">(DE-101)040674886</marc:subfield>
      <marc:subfield code="a">Zeitschrift</marc:subfield>
      <marc:subfield code="2">gnd-content</marc:subfield>
    </marc:datafield>
    <marc:datafield tag="655" ind1=" " ind2="7">
      <marc:subfield code="a">Zeitschrift</marc:subfield>
      <marc:subfield code="9">rswk-swf</marc:subfield>
      <marc:subfield code="2">gnd</marc:subfield>
    </marc:datafield>
    <marc:datafield tag="655" ind1=" " ind2="7">
      <marc:subfield code="a">Zeitschrift</marc:subfield>
      <marc:subfield code="9">rswk-swf</marc:subfield>
      <marc:subfield code="2">gnd</marc:subfield>
    </marc:datafield>
    <marc:datafield tag="655" ind1=" " ind2="7">
      <marc:subfield code="a">Zeitschrift</marc:subfield>
      <marc:subfield code="9">rswk-swf</marc:subfield>
      <marc:subfield code="2">gnd</marc:subfield>
    </marc:datafield>
    <marc:datafield tag="655" ind1=" " ind2="7">
      <marc:subfield code="a">Zeitschrift</marc:subfield>
      <marc:subfield code="9">rswk-swf</marc:subfield>
      <marc:subfield code="2">gnd</marc:subfield>
    </marc:datafield>
    <marc:datafield tag="655" ind1=" " ind2="7">
      <marc:subfield code="a">Zeitschrift</marc:subfield>
      <marc:subfield code="9">rswk-swf</marc:subfield>
      <marc:subfield code="2">gnd</marc:subfield>
    </marc:datafield>
    <marc:datafield tag="655" ind1=" " ind2="7">
      <marc:subfield code="a">Zeitschrift</marc:subfield>
      <marc:subfield code="9">rswk-swf</marc:subfield>
      <marc:subfield code="2">gnd</marc:subfield>
    </marc:datafield>
    <marc:datafield tag="689" ind1="0" ind2="0">
      <marc:subfield code="0">(DE-588)4142321-5</marc:subfield>
      <marc:subfield code="0">https://d-nb.info/gnd/4142321-5</marc:subfield>
      <marc:subfield code="0">(DE-101)041423216</marc:subfield>
      <marc:subfield code="D">s</marc:subfield>
      <marc:subfield code="a">Anästhesiologie</marc:subfield>
    </marc:datafield>
    <marc:datafield tag="689" ind1="0" ind2="1">
      <marc:subfield code="0">(DE-588)4027258-8</marc:subfield>
      <marc:subfield code="0">https://d-nb.info/gnd/4027258-8</marc:subfield>
      <marc:subfield code="0">(DE-101)040272583</marc:subfield>
      <marc:subfield code="D">s</marc:subfield>
      <marc:subfield code="a">Intensivtherapie</marc:subfield>
    </marc:datafield>
    <marc:datafield tag="689" ind1="0" ind2="2">
      <marc:subfield code="0">(DE-588)4065960-4</marc:subfield>
      <marc:subfield code="0">https://d-nb.info/gnd/4065960-4</marc:subfield>
      <marc:subfield code="0">(DE-101)040659607</marc:subfield>
      <marc:subfield code="D">s</marc:subfield>
      <marc:subfield code="a">Wiederbelebung</marc:subfield>
    </marc:datafield>
    <marc:datafield tag="689" ind1="0" ind2="3">
      <marc:subfield code="A">f</marc:subfield>
      <marc:subfield code="a">Zeitschrift</marc:subfield>
    </marc:datafield>
    <marc:datafield tag="689" ind1="0" ind2=" ">
      <marc:subfield code="5">DE-101</marc:subfield>
      <marc:subfield code="5">DE-101</marc:subfield>
    </marc:datafield>
    <marc:datafield tag="689" ind1="1" ind2="0">
      <marc:subfield code="0">(DE-588)4142321-5</marc:subfield>
      <marc:subfield code="0">https://d-nb.info/gnd/4142321-5</marc:subfield>
      <marc:subfield code="0">(DE-101)041423216</marc:subfield>
      <marc:subfield code="D">s</marc:subfield>
      <marc:subfield code="a">Anästhesiologie</marc:subfield>
    </marc:datafield>
    <marc:datafield tag="689" ind1="1" ind2="1">
      <marc:subfield code="0">(DE-588)4027258-8</marc:subfield>
      <marc:subfield code="0">https://d-nb.info/gnd/4027258-8</marc:subfield>
      <marc:subfield code="0">(DE-101)040272583</marc:subfield>
      <marc:subfield code="D">s</marc:subfield>
      <marc:subfield code="a">Intensivtherapie</marc:subfield>
    </marc:datafield>
    <marc:datafield tag="689" ind1="1" ind2="2">
      <marc:subfield code="0">(DE-588)4065960-4</marc:subfield>
      <marc:subfield code="0">https://d-nb.info/gnd/4065960-4</marc:subfield>
      <marc:subfield code="0">(DE-101)040659607</marc:subfield>
      <marc:subfield code="D">s</marc:subfield>
      <marc:subfield code="a">Wiederbelebung</marc:subfield>
    </marc:datafield>
    <marc:datafield tag="689" ind1="1" ind2="3">
      <marc:subfield code="0">(DE-588)4839307-1</marc:subfield>
      <marc:subfield code="0">https://d-nb.info/gnd/4839307-1</marc:subfield>
      <marc:subfield code="0">(DE-101)976119102</marc:subfield>
      <marc:subfield code="D">s</marc:subfield>
      <marc:subfield code="a">CME</marc:subfield>
    </marc:datafield>
    <marc:datafield tag="689" ind1="1" ind2="4">
      <marc:subfield code="A">f</marc:subfield>
      <marc:subfield code="a">Zeitschrift</marc:subfield>
    </marc:datafield>
    <marc:datafield tag="689" ind1="1" ind2=" ">
      <marc:subfield code="5">DE-101</marc:subfield>
      <marc:subfield code="5">DE-101</marc:subfield>
    </marc:datafield>
    <marc:datafield tag="689" ind1="2" ind2="0">
      <marc:subfield code="0">(DE-588)4179800-4</marc:subfield>
      <marc:subfield code="0">https://d-nb.info/gnd/4179800-4</marc:subfield>
      <marc:subfield code="0">(DE-101)041798007</marc:subfield>
      <marc:subfield code="D">s</marc:subfield>
      <marc:subfield code="a">Schmerztherapie</marc:subfield>
    </marc:datafield>
    <marc:datafield tag="689" ind1="2" ind2="1">
      <marc:subfield code="A">f</marc:subfield>
      <marc:subfield code="a">Zeitschrift</marc:subfield>
    </marc:datafield>
    <marc:datafield tag="689" ind1="2" ind2=" ">
      <marc:subfield code="5">DE-600</marc:subfield>
      <marc:subfield code="5">DE-600</marc:subfield>
    </marc:datafield>
    <marc:datafield tag="689" ind1="3" ind2="0">
      <marc:subfield code="0">(DE-588)4114155-6</marc:subfield>
      <marc:subfield code="0">https://d-nb.info/gnd/4114155-6</marc:subfield>
      <marc:subfield code="0">(DE-101)041141555</marc:subfield>
      <marc:subfield code="D">s</marc:subfield>
      <marc:subfield code="a">Katastrophenmedizin</marc:subfield>
    </marc:datafield>
    <marc:datafield tag="689" ind1="3" ind2="1">
      <marc:subfield code="A">f</marc:subfield>
      <marc:subfield code="a">Zeitschrift</marc:subfield>
    </marc:datafield>
    <marc:datafield tag="689" ind1="3" ind2=" ">
      <marc:subfield code="5">DE-600</marc:subfield>
      <marc:subfield code="5">DE-600</marc:subfield>
    </marc:datafield>
    <marc:datafield tag="689" ind1="4" ind2="0">
      <marc:subfield code="0">(DE-588)4042676-2</marc:subfield>
      <marc:subfield code="0">https://d-nb.info/gnd/4042676-2</marc:subfield>
      <marc:subfield code="0">(DE-101)040426769</marc:subfield>
      <marc:subfield code="D">s</marc:subfield>
      <marc:subfield code="a">Notfallmedizin</marc:subfield>
    </marc:datafield>
    <marc:datafield tag="689" ind1="4" ind2="1">
      <marc:subfield code="0">(DE-588)4065960-4</marc:subfield>
      <marc:subfield code="0">https://d-nb.info/gnd/4065960-4</marc:subfield>
      <marc:subfield code="0">(DE-101)040659607</marc:subfield>
      <marc:subfield code="D">s</marc:subfield>
      <marc:subfield code="a">Wiederbelebung</marc:subfield>
    </marc:datafield>
    <marc:datafield tag="689" ind1="4" ind2="2">
      <marc:subfield code="A">f</marc:subfield>
      <marc:subfield code="a">Zeitschrift</marc:subfield>
    </marc:datafield>
    <marc:datafield tag="689" ind1="4" ind2=" ">
      <marc:subfield code="5">DE-600</marc:subfield>
      <marc:subfield code="5">DE-600</marc:subfield>
    </marc:datafield>
    <marc:datafield tag="689" ind1="5" ind2="0">
      <marc:subfield code="0">(DE-588)4027263-1</marc:subfield>
      <marc:subfield code="0">https://d-nb.info/gnd/4027263-1</marc:subfield>
      <marc:subfield code="0">(DE-101)04027263X</marc:subfield>
      <marc:subfield code="D">s</marc:subfield>
      <marc:subfield code="a">Intensivmedizin</marc:subfield>
    </marc:datafield>
    <marc:datafield tag="689" ind1="5" ind2="1">
      <marc:subfield code="A">f</marc:subfield>
      <marc:subfield code="a">Zeitschrift</marc:subfield>
    </marc:datafield>
    <marc:datafield tag="689" ind1="5" ind2=" ">
      <marc:subfield code="5">DE-600</marc:subfield>
      <marc:subfield code="5">DE-600</marc:subfield>
    </marc:datafield>
    <marc:datafield tag="710" ind1="2" ind2=" ">
      <marc:subfield code="0">(DE-588)1053324-2</marc:subfield>
      <marc:subfield code="0">https://d-nb.info/gnd/1053324-2</marc:subfield>
      <marc:subfield code="0">(DE-101)004326407</marc:subfield>
      <marc:subfield code="a">Österreichische Gesellschaft für Anaesthesiologie, Reanimation und Intensivtherapie</marc:subfield>
      <marc:subfield code="e">Herausgebendes Organ</marc:subfield>
      <marc:subfield code="4">isb</marc:subfield>
      <marc:subfield code="2">gnd</marc:subfield>
    </marc:datafield>
    <marc:datafield tag="710" ind1="2" ind2=" ">
      <marc:subfield code="0">(DE-588)2052171-6</marc:subfield>
      <marc:subfield code="0">https://d-nb.info/gnd/2052171-6</marc:subfield>
      <marc:subfield code="0">(DE-101)00705114X</marc:subfield>
      <marc:subfield code="a">Deutsche Gesellschaft für Anästhesiologie und Intensivmedizin</marc:subfield>
      <marc:subfield code="e">Herausgebendes Organ</marc:subfield>
      <marc:subfield code="4">isb</marc:subfield>
      <marc:subfield code="2">gnd</marc:subfield>
    </marc:datafield>
    <marc:datafield tag="710" ind1="2" ind2=" ">
      <marc:subfield code="0">(DE-588)1003860-7</marc:subfield>
      <marc:subfield code="0">https://d-nb.info/gnd/1003860-7</marc:subfield>
      <marc:subfield code="0">(DE-101)004022262</marc:subfield>
      <marc:subfield code="a">Schweizerische Gesellschaft für Anästhesiologie und Reanimation</marc:subfield>
      <marc:subfield code="e">Herausgebendes Organ</marc:subfield>
      <marc:subfield code="4">isb</marc:subfield>
      <marc:subfield code="2">gnd</marc:subfield>
    </marc:datafield>
    <marc:datafield tag="770" ind1="0" ind2="8">
      <marc:subfield code="i">Supplement</marc:subfield>
      <marc:subfield code="a">Arbeitsgemeinschaft der Rettungsärzte</marc:subfield>
      <marc:subfield code="t">Mitteilung / Arbeitsgemeinschaft der Rettungsärzte</marc:subfield>
      <marc:subfield code="d">Berlin ; Göttingen ; Heidelberg : Springer, 1969-1970</marc:subfield>
      <marc:subfield code="w">(DE-600)502531-X</marc:subfield>
      <marc:subfield code="w">(DE-101)01262666X</marc:subfield>
    </marc:datafield>
    <marc:datafield tag="770" ind1="0" ind2="8">
      <marc:subfield code="i">Supplement</marc:subfield>
      <marc:subfield code="t">Medizin online</marc:subfield>
      <marc:subfield code="d">Berlin ; Heidelberg : Springer, 1997-2002</marc:subfield>
      <marc:subfield code="x">1615-6811</marc:subfield>
      <marc:subfield code="w">(DE-600)1469517-0</marc:subfield>
      <marc:subfield code="w">(DE-101)019626711</marc:subfield>
    </marc:datafield>
    <marc:datafield tag="770" ind1="0" ind2="8">
      <marc:subfield code="i">Supplement</marc:subfield>
      <marc:subfield code="n">2007 - 2009 Beil.</marc:subfield>
      <marc:subfield code="t">Thromboembolie im Fokus</marc:subfield>
      <marc:subfield code="d">Heidelberg : Springer-Medizin-Verl., 2007-2009</marc:subfield>
      <marc:subfield code="x">1865-1437</marc:subfield>
      <marc:subfield code="w">(DE-600)2388845-3</marc:subfield>
      <marc:subfield code="w">(DE-101)985797568</marc:subfield>
    </marc:datafield>
    <marc:datafield tag="770" ind1="0" ind2="8">
      <marc:subfield code="i">Supplement</marc:subfield>
      <marc:subfield code="n">Ab ca. 2006 - ca. 2007 Beil.</marc:subfield>
      <marc:subfield code="t">&#152;Der&#156; Anaesthesist / Spezial. Spezial</marc:subfield>
      <marc:subfield code="d">Heidelberg : Springer-Medizin-Verl., 2006-2007</marc:subfield>
      <marc:subfield code="w">(DE-600)2412600-7</marc:subfield>
      <marc:subfield code="w">(DE-101)987703080</marc:subfield>
    </marc:datafield>
    <marc:datafield tag="770" ind1="0" ind2="8">
      <marc:subfield code="i">Supplement</marc:subfield>
      <marc:subfield code="t">Regional-Anaesthesie</marc:subfield>
      <marc:subfield code="d">Berlin [u.a.] : Springer, 1978-1991</marc:subfield>
      <marc:subfield code="x">0171-1946</marc:subfield>
      <marc:subfield code="w">(DE-600)603527-9</marc:subfield>
      <marc:subfield code="w">(DE-101)013471783</marc:subfield>
    </marc:datafield>
    <marc:datafield tag="776" ind1="0" ind2="8">
      <marc:subfield code="i">Erscheint auch als</marc:subfield>
      <marc:subfield code="n">Online-Ausgabe</marc:subfield>
      <marc:subfield code="t">&#152;Der&#156; Anaesthesist</marc:subfield>
      <marc:subfield code="d">Berlin ; Heidelberg ; New York : Springer, [1994?-2022]</marc:subfield>
      <marc:subfield code="h">Online-Ressource</marc:subfield>
      <marc:subfield code="x">1432-055X</marc:subfield>
      <marc:subfield code="w">(DE-600)1458421-9</marc:subfield>
      <marc:subfield code="w">(DE-101)019518471</marc:subfield>
    </marc:datafield>
    <marc:datafield tag="780" ind1="0" ind2="5">
      <marc:subfield code="i">Darin aufgegangen</marc:subfield>
      <marc:subfield code="t">Regional-Anaesthesie</marc:subfield>
      <marc:subfield code="d">Berlin [u.a.] : Springer, 1978-1991</marc:subfield>
      <marc:subfield code="x">0171-1946</marc:subfield>
      <marc:subfield code="w">(DE-600)603527-9</marc:subfield>
      <marc:subfield code="w">(DE-101)013471783</marc:subfield>
    </marc:datafield>
    <marc:datafield tag="785" ind1="0" ind2="0">
      <marc:subfield code="i">Fortgesetzt durch</marc:subfield>
      <marc:subfield code="t">&#152;Die&#156; Anaesthesiologie</marc:subfield>
      <marc:subfield code="d">Berlin ; Heidelberg : Springer Medizin, [2022]-</marc:subfield>
      <marc:subfield code="h">Bände</marc:subfield>
      <marc:subfield code="x">2731-6858</marc:subfield>
      <marc:subfield code="w">(DE-600)3123013-1</marc:subfield>
      <marc:subfield code="w">(DE-101)1261328698</marc:subfield>
    </marc:datafield>
    <marc:datafield tag="787" ind1="0" ind2="8">
      <marc:subfield code="i">32,Suppl.=18; 34,Suppl.=19; 36,Suppl.=20 von</marc:subfield>
      <marc:subfield code="a">ZAK</marc:subfield>
      <marc:subfield code="t">Abstracts der Hauptthemen, freien Vorträge, Poster- und Filmsessions und des Industrieforums / Zentraleuropäischer Anaesthesiekongress, ZAK</marc:subfield>
      <marc:subfield code="d">[Wechselnde Erscheinungsorte] : [Verlag nicht ermittelbar], 1983-1989</marc:subfield>
      <marc:subfield code="w">(DE-600)11206-9</marc:subfield>
      <marc:subfield code="w">(DE-101)010162380</marc:subfield>
    </marc:datafield>
    <marc:datafield tag="787" ind1="0" ind2="8">
      <marc:subfield code="i">Gekürzt als</marc:subfield>
      <marc:subfield code="t">Weiterbildung für Anästhesisten</marc:subfield>
      <marc:subfield code="d">Berlin ; Heidelberg [u.a.] : Springer, 1997-2007</marc:subfield>
      <marc:subfield code="w">(DE-600)1436715-4</marc:subfield>
      <marc:subfield code="w">(DE-101)019307527</marc:subfield>
    </marc:datafield>
    <marc:datafield tag="850" ind1=" " ind2=" ">
      <marc:subfield code="a">DE-101a</marc:subfield>
      <marc:subfield code="a">DE-101b</marc:subfield>
    </marc:datafield>
    <marc:datafield tag="883" ind1="1" ind2=" ">
      <marc:subfield code="8">2\p</marc:subfield>
      <marc:subfield code="a">gndddc</marc:subfield>
      <marc:subfield code="c">1</marc:subfield>
      <marc:subfield code="d">20190524</marc:subfield>
      <marc:subfield code="q">DE-101</marc:subfield>
      <marc:subfield code="u">https://d-nb.info/provenance/plan#gndddc</marc:subfield>
    </marc:datafield>
    <marc:datafield tag="889" ind1=" " ind2=" ">
      <marc:subfield code="w">(DE-101)550102035</marc:subfield>
    </marc:datafield>
    <marc:datafield tag="925" ind1="r" ind2=" ">
      <marc:subfield code="a">ra</marc:subfield>
    </marc:datafield>
  </marc:record>
</marc:collection>
